|
|
|
|
| LEADER |
00000nab a2200000 a 4500 |
| 001 |
vtls000673109 |
| 003 |
SK-MaSNL |
| 005 |
20260302190718.0 |
| 008 |
140422c1998 xo 0 slo |
| 015 |
|
|
|a SNBRB1998/09-23565
|
| 035 |
|
|
|a CLN000025285
|
| 040 |
|
|
|a SNKBUCL
|b slo
|c SNKBUCL
|e AACR2
|
| 041 |
0 |
|
|a slo
|
| 044 |
|
|
|a xo
|c SK
|
| 080 |
|
|
|a 82:929:886.2
|x (048)
|2 1981
|
| 080 |
|
|
|a 886.2:929
|x (048)
|2 1981
|
| 080 |
|
|
|a 82:03
|x (048)
|2 1981
|
| 100 |
1 |
|
|a Jankovič, Ján,
|d 1943-2021
|4 aut
|9 85876
|
| 245 |
1 |
0 |
|a Bolje ikad, nego nikad!
|c Ján Jankovič
|
| 300 |
|
|
|b Fotogr.
|
| 650 |
0 |
7 |
|a chorvátska literatúra
|2 snkbucl
|9 1190
|
| 650 |
0 |
7 |
|a chorvátski spisovatelia
|2 snkbucl
|9 25402
|
| 650 |
0 |
7 |
|a biografické slovníky
|2 snkbucl
|9 376861
|
| 655 |
|
7 |
|a recenzie
|2 snkbucl
|9 21907
|
| 773 |
0 |
|
|t Literárny týždenník
|g Roč. 11, č. 32 (1998), s. 7
|x 0862-5999
|
| 787 |
0 |
8 |
|i Rec.:
|a Choma, Branislav, 1924-
|t Chorvátska literatúra
|d Bratislava : Lufema, 1997
|z 8096697234
|
| 850 |
|
|
|a Slovenská národná knižnica v Martine
|
| 852 |
|
|
|a SNK
|b KIS3GCP
|
| 958 |
|
|
|a LX
|
| 958 |
|
7 |
|a HR
|
| 999 |
|
|
|c 1434532
|d 1436462
|